[Event "Lev Gutman 70 GM 2015"]
[Site "Lingen GER"]
[Date "2015.09.28"]
[Round "6.1"]
[White "Pap, M"]
[Black "Greenfeld, A"]
[Result "0-1"]
[WhiteElo "2488"]
[BlackElo "2535"]
[EventDate "2015.09.22"]
[WhiteTitle "GM"]
[BlackTitle "GM"]
[WhiteFideId "921610"]
[BlackFideId "2800039"]

1.e4 e5 2.Nf3 Nc6 3.Bc4 Bc5 4.O-O Nf6 5.d3 d6 6.c3 a6 7.Bb3 Ba7 8.Re1 O-O 
9.h3 Ne7 10.d4 Ng6 11.Be3 exd4 12.Bxd4 c5 13.Bxf6 Qxf6 14.Nbd2 Nf4 15.Kh2 
Qh6 16.h4 c4 17.Nxc4 Qg6 18.g3 Bxf2 19.Rg1 Qg4 20.Ng5 Bxg3+ 21.Rxg3 Qxh4+ 
22.Nh3 Bxh3 23.Qe1 Bf5+ 24.Kg1 Ne2+ 25.Qxe2 Qxg3+ 26.Qg2 Qxg2+ 27.Kxg2 
Bxe4+ 28.Kf2 Rad8 29.Nb6 d5 30.Ke3 Rd6 31.Na4 Rc8 32.Kd4 Rdc6 0-1

[Event "Satka Autumn 2015"]
[Site "Satka RUS"]
[Date "2015.09.24"]
[Round "3.9"]
[White "Alekseeva, Irina"]
[Black "Mukhina, Jana"]
[Result "1/2-1/2"]
[WhiteElo "2150"]
[BlackElo "1924"]
[EventDate "2015.09.22"]
[WhiteFideId "24178683"]
[BlackFideId "34115428"]

1.e4 e5 2.Nf3 Nc6 3.Bc4 Bc5 4.c3 Nf6 5.d3 O-O 6.Bb3 d5 7.Qe2 Be6 8.Bc2 b5 
9.h3 dxe4 10.dxe4 Bc4 11.Qd2 Qe7 12.Nh4 Nxe4 13.Nf5 Nxd2 14.Nxe7+ Nxe7 15.
Nxd2 Bd5 16.O-O f5 17.b4 Bb6 18.a4 a6 19.Re1 e4 20.g3 Ng6 21.Nf1 Ne5 22.
Rd1 Bc4 23.Bf4 Nd3 24.Bxd3 Bxd3 25.a5 Ba7 26.Bxc7 Rac8 27.Bb6 Rf7 28.Ne3 
g6 29.Nd5 Kg7 30.f3 Rd7 31.fxe4 fxe4 32.Bxa7 Rxd5 33.Bd4+ Kf7 34.Rd2 Rf5 
35.g4 Rf3 36.Rf2 Rxf2 37.Kxf2 Ke6 38.Ra2 Rf8+ 39.Kg2 Bf1+ 40.Kh2 Rf3 41.
Rf2 Rxf2+ 42.Bxf2 Kd5 43.Bd4 Kc4 44.Kg3 Kd3 45.Kf2 Bxh3 46.g5 Bf5 47.Bc5 
h5 48.gxh6 g5 49.Bd4 g4 50.Be5 Kd2 51.Bd4 Kd3 52.Kg3 e3 53.Kf4 e2 54.Bf2 
Bh7 55.Kxg4 Kxc3 56.Be1+ Kc4 57.Kf4 Kd3 1/2-1/2

[Event "Satka Autumn 2015"]
[Site "Satka RUS"]
[Date "2015.09.25"]
[Round "4.11"]
[White "Vyalykh, Anastasiya"]
[Black "Mamontova, Anastasia"]
[Result "1-0"]
[WhiteElo "1880"]
[BlackElo "1970"]
[EventDate "2015.09.22"]
[WhiteFideId "24169773"]
[BlackFideId "34100234"]

1.e4 e5 2.Nf3 Nc6 3.Bc4 Bc5 4.d3 Nf6 5.Nc3 a6 6.Bg5 h6 7.Bh4 d6 8.Nd5 g5 
9.Bg3 h5 10.h4 g4 11.Ng5 Be6 12.Nxe6 fxe6 13.Nxf6+ Qxf6 14.c3 O-O-O 15.b4 
Bb6 16.Qb3 Kd7 17.a4 Rhf8 18.Rf1 a5 19.bxa5 Nxa5 20.Qb5+ Ke7 21.Ke2 Ra8 
22.Rad1 Nc6 23.Qb3 Ra5 24.Bb5 Na7 25.d4 exd4 26.cxd4 Bxd4 27.Qb4 Bc3 28.
Qc4 Rc8 29.Rd3 Ba1 30.Rfd1 Nxb5 31.axb5 Be5 32.Rxd6 Bxg3 33.Rd7+ Ke8 34.
fxg3 Qb2+ 35.Ke1 Qf6 36.R7d6 Ke7 37.R6d3 Ra1 38.Qc5+ Kf7 39.Qxh5+ Kf8 40.
Qc5+ Ke8 41.Qh5+ Kf8 42.Qxg4 Rxd1+ 43.Qxd1 Ke7 44.Qc1 Qe5 45.Qa3+ Kf7 46.
Rf3+ Kg8 47.Rf4 Rd8 48.Rg4+ Kh8 49.Qc1 Kh7 50.Rg5 Qxe4+ 51.Kf1 Qd3+ 52.Kg1
Qd1+ 53.Qxd1 Rxd1+ 54.Kf2 Rd7 55.Ke3 Kh6 56.Re5 Rd6 57.g4 Kg6 58.Ke4 Kf6 
59.Rc5 Rd7 60.g5+ Kg6 61.g4 Kf7 62.h5 Kg7 63.Ke5 b6 64.Rc4 Rd5+ 65.Kxe6 
Rxg5 66.Rxc7+ Kh6 67.Rc4 Rxb5 68.Kf6 Rb1 69.Kf5 Rb5+ 70.Kf4 Rb1 71.Rc6+ 
Kg7 72.Kg5 Rb5+ 73.Kh4 Rb1 74.h6+ Kh7 75.Kh5 Rb5+ 76.g5 Ra5 77.Rc7+ Kh8 
78.Kg6 Ra8 79.h7 b5 80.Kh6 1-0

[Event "Satka Autumn 2015"]
[Site "Satka RUS"]
[Date "2015.09.26"]
[Round "5.9"]
[White "Karelina, Viktoriya"]
[Black "Turebayeva, A"]
[Result "0-1"]
[WhiteElo "1768"]
[BlackElo "2111"]
[EventDate "2015.09.22"]
[BlackTitle "WIM"]
[WhiteFideId "34166170"]
[BlackFideId "13700286"]

1.e4 e5 2.Nf3 Nc6 3.Bc4 Bc5 4.d3 Nf6 5.O-O d6 6.c3 Bb6 7.Bb3 h6 8.Nbd2 Be6
9.Bc2 O-O 10.Re1 Ng4 11.Re2 f5 12.h3 fxe4 13.dxe4 Nf6 14.Nf1 Nh5 15.Re1 
Qf6 16.Be3 Nf4 17.Bxb6 axb6 18.Bb3 Bxb3 19.Qxb3+ Kh7 20.N1h2 Qg6 21.g3 
Nxh3+ 22.Kg2 Nf4+ 23.Kh1 Nd3 24.Re2 Qh5 25.Kg2 Rf6 26.c4 Nc5 27.Qe3 Raf8 
28.g4 Qf7 29.g5 Rf4 30.Rg1 Qh5 31.gxh6 gxh6 32.Qc3 Rg8+ 33.Kf1 Qh3+ 34.Ke1
Rxg1+ 35.Nxg1 Qxh2 0-1

[Event "Satka Autumn 2015"]
[Site "Satka RUS"]
[Date "2015.09.27"]
[Round "6.15"]
[White "Aliverdieva, Elina"]
[Black "Nasybullina, Dayana"]
[Result "1/2-1/2"]
[WhiteElo "1579"]
[BlackElo "1544"]
[EventDate "2015.09.22"]
[WhiteFideId "34183857"]
[BlackFideId "34127280"]

1.e4 e5 2.Nf3 Nc6 3.Bc4 Bc5 4.Nc3 Nf6 5.d3 h6 6.Be3 Bb6 7.Qd2 d6 8.h3 Be6 
9.Nd5 Bxd5 10.exd5 Nd4 11.Bxd4 exd4 12.Bb5+ Kf8 13.Bc4 Nd7 14.O-O-O Ne5 
15.Bb3 Nxf3 16.gxf3 Qg5 17.f4 Qf5 18.h4 g6 19.Rde1 Kg7 20.h5 Rae8 21.hxg6 
fxg6 22.f3 Rxe1+ 23.Rxe1 Rf8 24.Re4 Rf7 25.Qg2 h5 26.Kd1 Qf6 27.Ba4 Re7 
28.Be8 Rxe4 29.dxe4 h4 30.Qg4 Ba5 31.f5 g5 32.Bh5 Kf8 33.f4 gxf4 34.Qxf4 
Ke7 35.Ke2 c6 36.dxc6 bxc6 37.Bg6 Bd8 38.Qh6 Kd7 39.Qh7+ Qe7 40.Qxe7+ Bxe7
41.Bh5 Bf6 42.Kf3 a5 43.Bg4 c5 44.b3 Kc6 45.Kf4 Kd7 46.Bh3 Ke7 47.Kg4 Kf7 
48.Kf3 Ke7 49.Ke2 Kd7 50.Kd3 Kc6 51.Kc4 Bd8 52.Bg2 Bg5 53.e5+ Kd7 54.e6+ 
Ke7 55.Kb5 Bd2 56.Kc6 Bg5 57.Bh3 Bf6 58.Kb5 d3 59.cxd3 Bc3 60.Kc6 Bf6 61.
Kd5 Ba1 62.Ke4 Be5 63.Kd5 Ba1 64.Kc4 Bb2 65.Kb5 Bc3 66.a3 Kf6 67.Kc4 Bb2 
68.b4 cxb4 69.axb4 axb4 70.Kxb4 Be5 71.Kc4 Bh2 72.d4 Bf4 73.Kd5 Ke7 74.Kc6
Bg5 75.Kd5 Bf4 76.Ke4 Bd2 77.Kd5 Bf4 78.Ke4 Bd2 79.Kf3 Bc3 80.Ke3 Bb2 
1/2-1/2

[Event "5th Holuj-Radzikowska"]
[Site "Wroclaw POL"]
[Date "2015.09.21"]
[Round "6.4"]
[White "Bulmaga, I"]
[Black "Zawadzka, J"]
[Result "0-1"]
[WhiteElo "2372"]
[BlackElo "2430"]
[EventDate "2015.09.16"]
[WhiteTitle "IM"]
[BlackTitle "WGM"]
[WhiteFideId "13903063"]
[BlackFideId "1122320"]

1.e4 e5 2.Nf3 Nc6 3.Bc4 Bc5 4.c3 Nf6 5.d3 Bb6 6.O-O d6 7.Bb3 Ne7 8.Re1 O-O
9.h3 Ng6 10.Nbd2 c6 11.Nf1 h6 12.Ng3 d5 13.Bd2 Qc7 14.Qc1 Kh7 15.Bc2 dxe4 
16.dxe4 Be6 17.Nf5 Ng8 18.Nh2 Rad8 19.Nf1 Rd7 20.N1g3 Rfd8 21.Be3 Nf4 22.
Nf1 g6 23.N5g3 Nf6 24.b3 h5 25.Ne2 Nd3 26.Bxd3 Rxd3 27.Bxb6 Qxb6 28.Qc2 
Qc5 29.b4 Qc4 30.Ne3 Qxe4 31.Ng3 Qh4 32.Nef1 Qc4 33.Rxe5 Rxc3 34.Qb1 Rcd3 
35.Qe1 Qd4 36.Ra5 Nd5 37.Ne2 Qb6 38.a3 a6 39.Rc5 Qc7 40.Neg3 Nf4 41.Ne4 
Kg7 42.Qb1 Qd7 43.Qb2+ Qd4 44.Rc2 Qxb2 45.Rxb2 Rd1 46.Rbb1 Rxb1 47.Rxb1 
Bf5 48.Nfg3 Ne2+ 49.Nxe2 Bxe4 50.Rc1 Rd2 51.Nc3 Rc2 52.Rxc2 Bxc2 53.f4 Kf6
54.Kf2 Ke6 55.Ke3 Kd6 56.Kd4 h4 57.a4 b6 58.a5 bxa5 59.bxa5 c5+ 60.Ke3 Bf5
61.Ne2 Kd5 62.Nc3+ Kc4 0-1

[Event "8th Beirut Open 2015"]
[Site "Beirut LIB"]
[Date "2015.09.19"]
[Round "1.3"]
[White "Mirzoev, A"]
[Black "Salameh, Rami"]
[Result "1-0"]
[WhiteElo "2558"]
[BlackElo "1661"]
[EventDate "2015.09.19"]
[WhiteTitle "GM"]
[WhiteFideId "13400304"]
[BlackFideId "5303990"]

1.e4 e5 2.Nf3 Nc6 3.Bc4 Bc5 4.c3 h6 5.d4 Bd6 6.O-O Nf6 7.Re1 O-O 8.Nbd2 b6
9.Nf1 a5 10.Bb3 b5 11.dxe5 Nxe5 12.Nxe5 Bxe5 13.f4 Bd6 14.e5 Bc5+ 15.Kh1 
Nh7 16.Qd5 Bb6 17.Qxa8 c6 18.Be3 Qc7 19.Bc2 Rd8 20.b4 Bb7 21.Bxb6 Qxb6 22.
Qxa5 Qxa5 23.bxa5 Ra8 24.a4 Ba6 25.Ne3 g6 26.Red1 Nf8 27.axb5 Bxb5 28.Bd3 
Ba6 29.Bxa6 Rxa6 30.g3 Kg7 31.Rdb1 Ne6 32.Rb6 Ra7 33.a6 Nc5 34.Ra5 Ne4 35.
Rb7 Ra8 36.a7 Nxc3 37.Rb8 Rxb8 38.axb8=Q 1-0

[Event "8th Beirut Open 2015"]
[Site "Beirut LIB"]
[Date "2015.09.23"]
[Round "5.20"]
[White "Jouni, Hassan"]
[Black "Lakhoyan, Hrag"]
[Result "1-0"]
[WhiteElo "1844"]
[BlackElo "1389"]
[EventDate "2015.09.19"]
[WhiteFideId "5302609"]
[BlackFideId "5302960"]

1.e4 e5 2.Nf3 Nc6 3.Bc4 Nf6 4.Nc3 Nxe4 5.Bxf7+ Kxf7 6.Nxe4 d5 7.Neg5+ Kg8 
8.d3 h6 9.Nh3 Bg4 10.c3 Qd7 11.Nhg1 Qe7 12.Qb3 Qd6 13.Be3 b6 14.Nd2 Be6 
15.Qc2 Ne7 16.Ngf3 c5 17.O-O Bg4 18.Rfe1 Bxf3 19.Nxf3 Nc6 20.Bd2 Be7 21.
Qa4 a6 22.Qg4 Rf8 23.Re2 b5 24.Qg3 Bf6 25.d4 cxd4 26.cxd4 Qb8 27.dxe5 Be7 
28.Qg6 Nd8 29.Qxa6 Qb7 30.Qxb7 Nxb7 31.Rc1 Nc5 32.Be3 Ne6 33.Rc6 Nf4 34.
Bxf4 Rxf4 35.Rc8+ Rf8 36.Rxf8+ Kxf8 37.Rd2 Kf7 38.Rxd5 Rc8 39.g4 b4 40.b3 
Rc1+ 41.Kg2 Ra1 42.Rd2 Ke6 43.Re2 Kd5 44.Rd2+ Ke6 45.h4 Rc1 46.Kg3 Rc3 47.
Kg2 Rc1 48.Re2 Rc3 49.Nd4+ Kf7 50.Nf5 Rc6 51.f4 Rg6 52.Kf3 Re6 53.Nxe7 
Rxe7 54.Re4 Rb7 55.h5 Ke6 56.Rd4 Rb6 57.f5+ Kxe5 58.Re4+ Kf6 59.Kf4 Rb5 
60.Kf3 Rb6 61.Ke3 Kg5 62.Kd4 Ra6 63.Re6 Rxa2 64.Rg6+ Kf4 65.Rxg7 Ra6 66.
Rg6 Ra7 67.Kc4 Rc7+ 68.Kxb4 Rb7+ 69.Kc4 Rc7+ 70.Kb5 Rb7+ 71.Rb6 Re7 72.Rg6
Rb7+ 73.Kc4 Rc7+ 74.Kd5 Rf7 75.Ke6 Ra7 76.f6 Ra6+ 77.Kf7 Ra7+ 78.Kg8 Ra8+ 
79.Kh7 Ra7+ 80.Rg7 Ra8 81.f7 Rf8 82.Kxh6 Ke5 83.Kg6 Ke6 84.h6 Ke7 85.h7 
Ra8 86.f8=Q+ 1-0

[Event "25th EY BU18 2015"]
[Site "Porec CRO"]
[Date "2015.09.23"]
[Round "3.13"]
[White "Lagunow, Raphael"]
[Black "Sirosh, Ilja"]
[Result "1/2-1/2"]
[WhiteElo "2164"]
[BlackElo "2323"]
[EventDate "2015.09.21"]
[BlackTitle "FM"]
[WhiteFideId "24652644"]
[BlackFideId "4500458"]
[EventType "swiss"]

1.e4 e5 2.Nf3 Nc6 3.Bc4 Bc5 4.c3 Nf6 5.d3 O-O 6.O-O d5 7.exd5 Nxd5 8.Re1 
Bg4 9.h3 Bh5 10.Nbd2 Nb6 11.Bb5 Bd6 12.Ne4 Re8 13.g4 Bg6 14.Ng3 a6 15.Bxc6
bxc6 16.h4 e4 17.dxe4 Bxg3 18.fxg3 Bxe4 19.Qxd8 Raxd8 20.Ng5 Bd3 21.Bf4 
Nd5 22.Kf2 Nf6 23.Bxc7 Rc8 24.Bf4 h6 25.Nh3 Nxg4+ 26.Kf3 Nf6 27.Nf2 Bc4 
28.g4 Rxe1 29.Rxe1 Bxa2 30.Re7 Re8 31.Rxe8+ Nxe8 32.Ke3 f6 33.Kd4 g5 34.
Bg3 Kf7 35.Kc5 Bd5 36.Kb6 Ke6 37.Kxa6 Nd6 38.b4 Nb5 39.hxg5 hxg5 40.Kb6 
Nxc3 41.Kc5 Ne4+ 42.Nxe4 Bxe4 43.Be1 Bf3 44.Bd2 Bxg4 45.Kxc6 Bf3+ 46.Kc5 
Kf5 47.Be3 Ke6 48.Bd2 Kf5 49.Bc3 g4 50.Kd4 Bc6 51.Ke3 Kg5 52.Be1 Kf5 53.
Bg3 Bb5 54.Kd4 1/2-1/2

[Event "25th EY BU18 2015"]
[Site "Porec CRO"]
[Date "2015.09.25"]
[Round "5.9"]
[White "Marczuk, D"]
[Black "Reshef, O"]
[Result "1/2-1/2"]
[WhiteElo "2225"]
[BlackElo "2410"]
[EventDate "2015.09.21"]
[BlackTitle "FM"]
[WhiteFideId "1111264"]
[BlackFideId "2804336"]
[EventType "swiss"]

1.e4 e5 2.Nf3 Nc6 3.Bc4 Nf6 4.d3 Be7 5.O-O O-O 6.Bb3 d5 7.exd5 Nxd5 8.h3 
a5 9.Re1 a4 10.Bc4 Nb6 11.Qe2 Nxc4 12.dxc4 Be6 13.Nc3 Nd4 14.Nxd4 Qxd4 15.
Qxe5 Qxe5 16.Rxe5 Bf6 17.Rxe6 fxe6 18.Ne4 Rad8 19.Nxf6+ gxf6 20.Be3 Kf7 
21.Kf1 h5 22.b3 Ra8 23.Rd1 Rfd8 24.Rc1 e5 25.Ke2 axb3 26.axb3 Ra2 27.Bd2 
Ke6 28.Bc3 Kf5 29.Ke3 h4 30.f3 Rg8 31.Kf2 c6 32.Kf1 Rga8 33.Ke2 b5 34.c5 
Ke6 35.Ke3 b4 36.Bxb4 Ra1 37.Re1 Rxe1+ 38.Bxe1 Rg8 39.Bxh4 Rxg2 40.Bf2 f5 
41.h4 f4+ 42.Ke2 Kf5 43.b4 e4 44.fxe4+ Kxe4 45.c4 f3+ 46.Kf1 Rg8 47.b5 Rb8
48.Ke1 cxb5 49.cxb5 Rxb5 50.c6 Kd3 51.Ba7 Rb2 52.c7 Rc2 53.Bb6 Ke4 54.Kf1 
Kf4 55.Bd4 Rxc7 56.h5 Rc4 57.Ba7 Ra4 58.Bb6 Ra6 59.Bd4 Ke4 60.Bc5 Rh6 61.
Ba7 Rxh5 62.Bb6 Rh6 63.Ba7 Rc6 64.Kf2 Rc7 65.Bb6 Rb7 66.Bc5 Rb5 67.Ba7 
Rb2+ 68.Kf1 Kf4 69.Bc5 Rb7 70.Kf2 Rb2+ 71.Kf1 Rb5 72.Bd4 Rh5 73.Ba7 Kg4 
74.Bb6 Rh2 75.Kg1 Rb2 76.Bc5 Rb5 77.Bd4 Kf4 78.Kf2 Rd5 79.Ba7 Rd2+ 80.Kf1 
Kg4 81.Bb6 Rh2 82.Kg1 Rg2+ 83.Kf1 Kg3 84.Bc7+ Kh3 85.Bb6 f2 86.Bxf2 Kh2 
87.Ke2 Rg4 88.Kf3 Kh3 89.Be3 Ra4 90.Bf4 Ra8 91.Be3 Rf8+ 92.Bf4 Rf7 93.Ke4 
Kg4 94.Bd6 Rd7 95.Bc5 Rd1 96.Bf2 Rd2 97.Be3 Re2 98.Kd3 Kf3 99.Bc5 Re4 100.
Bd4 Re7 101.Bb6 Rb7 102.Bc5 Rc7 103.Bb6 Rd7+ 104.Kc4 Ke4 105.Kc5 Ke5 106.
Kc6 Ke6 107.Bc5 Rh7 108.Bb6 Rg7 109.Bc5 Rg2 110.Bd4 Rd2 111.Ba7 Rc2+ 112.
Kb7 Kd7 113.Bd4 Rc1 114.Be3 Rb1+ 115.Ka8 Kc7 116.Bf4+ Kc8 117.Be3 Rb3 118.
Bd4 Ra3+ 119.Ba7 Rxa7+ 120.Kxa7 1/2-1/2

[Event "25th EY BU16 2015"]
[Site "Porec CRO"]
[Date "2015.09.22"]
[Round "2.3"]
[White "Rajkovic, Mladen"]
[Black "Costachi, M"]
[Result "0-1"]
[WhiteElo "2262"]
[BlackElo "2408"]
[EventDate "2015.09.21"]
[BlackTitle "FM"]
[WhiteFideId "930660"]
[BlackFideId "1217518"]
[EventType "swiss"]

1.e4 e5 2.Nf3 Nc6 3.Bc4 Bc5 4.d3 Nf6 5.O-O O-O 6.Bb3 d6 7.c3 a6 8.h3 Ba7 
9.Re1 Be6 10.Nbd2 Bxb3 11.Qxb3 Qd7 12.Nf1 Nh5 13.g4 Nf6 14.Kg2 Ne7 15.Ng3 
Rab8 16.d4 Ng6 17.Be3 Nf4+ 18.Bxf4 exf4 19.Nf5 h5 20.gxh5 Nxh5 21.Kh2 g6 
22.Rg1 Kh8 23.N5h4 Ng7 24.Qd5 Qb5 25.Qxb5 axb5 26.a4 bxa4 27.Rxa4 Bb6 28.
Rg4 Nh5 29.Ng2 Kg7 30.e5 Ra8 31.Rb4 dxe5 32.dxe5 f5 33.exf6+ Nxf6 34.Rg5 
Nh7 35.Re5 g5 36.Nxg5 Bxf2 37.Nxf4 Nxg5 38.Rxg5+ Kf6 39.Rg2 Bc5 40.Nh5+ 
Ke6 41.Rxb7 Bd6+ 42.Ng3 Rf3 43.Rb4 Bxb4 44.cxb4 Rb3 45.Re2+ Kd5 46.h4 Rxb4
47.Kh3 Rab8 48.h5 Rxb2 49.Re7 c5 50.h6 Rh8 51.Nf5 Rf2 52.Kg4 Rxf5 53.Kxf5 
Rxh6 54.Kf4 Rh3 55.Rd7+ Kc6 56.Rd8 c4 57.Ke4 Kc5 58.Rb8 c3 59.Rc8+ Kb4 60.
Kd4 Kb3 61.Rb8+ Kc2 62.Ke4 Rd3 63.Rh8 Rd7 64.Ke3 Kb2 65.Rb8+ Kc1 66.Rc8 c2
67.Ke2 Re7+ 68.Kd3 Kd1 0-1

[Event "25th EY BU16 2015"]
[Site "Porec CRO"]
[Date "2015.09.22"]
[Round "2.8"]
[White "Sterck, Arno"]
[Black "Plenca, Jadranko"]
[Result "1/2-1/2"]
[WhiteElo "2195"]
[BlackElo "2366"]
[EventDate "2015.09.21"]
[BlackTitle "FM"]
[WhiteFideId "228249"]
[BlackFideId "14527146"]
[EventType "swiss"]

1.e4 e5 2.Nf3 Nc6 3.Bc4 Nf6 4.d3 Bc5 5.O-O O-O 6.h3 h6 7.Bb3 a6 8.c3 d6 9.
Re1 Ba7 10.Nbd2 Nh5 11.Nf1 Qf6 12.Be3 Ne7 13.d4 Nf4 14.Bxf4 exf4 15.N1d2 
g5 16.e5 dxe5 17.Ne4 Qg7 18.Nxe5 Bf5 19.Ng4 Bxg4 20.Qxg4 Ng6 21.Qf5 Kh8 
22.Nf6 Nh4 23.Qe5 Ng6 24.Qf5 Nh4 1/2-1/2

[Event "25th EY BU16 2015"]
[Site "Porec CRO"]
[Date "2015.09.22"]
[Round "2.30"]
[White "Lukiyanchuk, Vladislav"]
[Black "Lukic, Lazar"]
[Result "1-0"]
[WhiteElo "2111"]
[BlackElo "1903"]
[EventDate "2015.09.21"]
[WhiteFideId "14127113"]
[BlackFideId "16501101"]
[EventType "swiss"]

1.e4 e5 2.Nf3 Nc6 3.Bc4 Bc5 4.c3 Nf6 5.d3 O-O 6.Bb3 d5 7.exd5 Nxd5 8.h3 
Nb6 9.O-O Bf5 10.Bc2 a5 11.Ng5 Qf6 12.Qf3 Be7 13.Ne4 Qg6 14.Re1 Be6 15.Qg3
Qxg3 16.Nxg3 Bd5 17.Nf5 Bf6 18.Nd2 Be6 19.Ng3 g6 20.Nde4 Bg7 21.f4 exf4 
22.Bxf4 Nd5 23.Bd2 b6 24.d4 Nf6 25.Nxf6+ Bxf6 26.Be4 Bd7 27.Bd5 Rac8 28.
Ne4 Bg7 29.Bg5 Na7 30.Be7 Rfe8 31.Ng5 Be6 32.Nxe6 Rxe7 33.Nxg7 Rd7 34.Ne8 
Kf8 35.Nf6 Rd6 36.Bb7 Rb8 37.Ne4 Rxb7 38.Nxd6 cxd6 39.Kf2 Nc6 40.Ke3 Ne7 
41.Kd3 Nd5 42.g3 f5 43.Re6 Rd7 44.c4 Nb4+ 45.Kc3 d5 46.a3 1-0

[Event "25th EY BU16 2015"]
[Site "Porec CRO"]
[Date "2015.09.23"]
[Round "3.23"]
[White "Sirp, Karl Aleksander"]
[Black "Zylka, Stanislaw"]
[Result "1-0"]
[WhiteElo "1856"]
[BlackElo "2213"]
[EventDate "2015.09.21"]
[WhiteFideId "4504712"]
[BlackFideId "1189654"]
[EventType "swiss"]

1.e4 e5 2.Nf3 Nc6 3.Bc4 Nf6 4.d3 Be7 5.O-O O-O 6.h3 d5 7.exd5 Nxd5 8.Nc3 
Nxc3 9.bxc3 Bf5 10.Qe2 Bf6 11.Nd2 Na5 12.Bb3 Nxb3 13.axb3 g6 14.Ne4 Bg7 
15.Bb2 Re8 16.c4 a5 17.Qe1 b6 18.Qe3 Bd7 19.Qg5 f5 20.Qxd8 Raxd8 21.Ng3 
Bc6 22.Rfe1 Kf7 23.Rad1 h5 24.Nf1 h4 25.Rd2 Bh6 26.Ne3 Bb7 27.Rde2 e4 28.
dxe4 Rxe4 29.f3 Re6 30.Ng4 fxg4 31.Rxe6 Bg5 32.hxg4 h3 33.Kh2 hxg2 34.Kxg2
a4 35.Kg3 axb3 36.f4 Bc8 37.R6e3 Bh6 38.Re7+ Kf8 39.Rh7 bxc2 40.Rh8+ 1-0

[Event "25th EY BU16 2015"]
[Site "Porec CRO"]
[Date "2015.09.23"]
[Round "3.32"]
[White "Lukic, Lazar"]
[Black "Schweighoffer, Martin"]
[Result "0-1"]
[WhiteElo "1903"]
[BlackElo "2084"]
[EventDate "2015.09.21"]
[WhiteFideId "16501101"]
[BlackFideId "1322613"]
[EventType "swiss"]

1.e4 e5 2.Nf3 Nc6 3.Bc4 Nf6 4.Ng5 d5 5.exd5 Na5 6.Bb5+ c6 7.dxc6 bxc6 8.
Bd3 Ng4 9.Ne4 f5 10.Be2 h5 11.h3 fxe4 12.hxg4 Bc5 13.b4 Qd4 14.bxc5 O-O 
15.O-O Qxa1 16.Nc3 e3 17.fxe3 Rxf1+ 18.Qxf1 Bxg4 19.Bxg4 hxg4 20.Kh2 Rf8 
21.Qd1 Rf6 22.Kg3 e4 23.Kxg4 Nc4 24.Kg5 Nxe3 25.Qe2 Qxc1 26.Qxe3 Qh1 27.
Qh3 Qxh3 28.gxh3 e3 29.dxe3 Rf3 30.Nd1 Rxh3 31.Kf5 Rh5+ 32.Ke6 Rxc5 33.e4 
Rxc2 34.Ke7 Re2 0-1

[Event "25th EY BU16 2015"]
[Site "Porec CRO"]
[Date "2015.09.23"]
[Round "3.33"]
[White "Lumiste, Rene"]
[Black "Lussetti, Jacopo"]
[Result "1-0"]
[WhiteElo "2029"]
[BlackElo "1704"]
[EventDate "2015.09.21"]
[WhiteFideId "4503295"]
[BlackFideId "894524"]
[EventType "swiss"]

1.e4 e5 2.Nf3 Nc6 3.Bc4 Nf6 4.d3 Be7 5.O-O O-O 6.c3 d6 7.Nbd2 a6 8.a4 Be6 
9.Re1 Bxc4 10.Nxc4 b5 11.Ne3 b4 12.Nf5 Rb8 13.c4 Nd7 14.Nd2 Bf6 15.Nf1 Nd4
16.N1g3 b3 17.Qg4 Kh8 18.Nxd4 exd4 19.f4 Re8 20.Re2 Nc5 21.Qf3 g6 22.Bd2 
Qd7 23.a5 Re7 24.e5 Bg7 25.Qd5 Nxd3 26.Qxd4 Nb4 27.Qa7 Qc8 28.Bc3 Nc6 29.
Qf2 dxe5 30.fxe5 Qe8 31.Rae1 Kg8 32.Ne4 Nxe5 33.Nf6+ Bxf6 34.Qxf6 Re6 35.
Rxe5 Rxf6 36.Rxe8+ Rxe8 37.Rxe8+ Kg7 38.Bxf6+ 1-0

[Event "25th EY BU16 2015"]
[Site "Porec CRO"]
[Date "2015.09.24"]
[Round "4.7"]
[White "Lazov, Toni"]
[Black "Plenca, Jadranko"]
[Result "1-0"]
[WhiteElo "2223"]
[BlackElo "2366"]
[EventDate "2015.09.21"]
[BlackTitle "FM"]
[WhiteFideId "15000770"]
[BlackFideId "14527146"]
[EventType "swiss"]

1.e4 e5 2.Nf3 Nc6 3.Bc4 Bc5 4.d3 Nf6 5.O-O O-O 6.h3 a6 7.c3 d5 8.exd5 Nxd5
9.Re1 Nb6 10.Bg5 Be7 11.Bxe7 Qxe7 12.Bb3 Qf6 13.Nbd2 Bf5 14.Qe2 Rae8 15.
Rad1 Bg6 16.Ne4 Qe7 17.g4 Kh8 18.Ng3 f5 19.Kg2 Qd8 20.g5 Nd5 21.Bxd5 Qxd5 
22.b3 f4 23.Ne4 Bh5 24.Rd2 b5 25.Qf1 a5 26.Nh2 Rd8 27.f3 b4 28.Ng4 bxc3 
29.Nxc3 Qd4 30.Rc1 Qb4 31.Ne4 Bg6 32.Rc4 Qb6 33.Qf2 Bxe4 34.Qxb6 cxb6 35.
fxe4 Rd6 36.Kf2 h5 37.Rxc6 Rxc6 38.Nxe5 Re6 39.d4 Kg8 40.Kf3 g6 41.a4 Rxe5
42.dxe5 Rc8 43.Kxf4 Rc3 44.e6 Kf8 45.h4 Rxb3 46.Ke5 Ke8 47.Kf6 Rh3 48.e7 
1-0

[Event "25th EY BU16 2015"]
[Site "Porec CRO"]
[Date "2015.09.24"]
[Round "4.32"]
[White "Whatley, Stephen A J"]
[Black "Lukic, Lazar"]
[Result "1/2-1/2"]
[WhiteElo "2027"]
[BlackElo "1903"]
[EventDate "2015.09.21"]
[WhiteFideId "420441"]
[BlackFideId "16501101"]
[EventType "swiss"]

1.e4 e5 2.Nf3 Nc6 3.Bc4 Bc5 4.c3 Nf6 5.d3 O-O 6.O-O d5 7.exd5 Nxd5 8.b4 
Be7 9.b5 Na5 10.Bxd5 Qxd5 11.c4 Qe6 12.Nc3 f6 13.Nd5 Bd8 14.Ba3 Rf7 15.Qa4
c6 16.Nc3 cxb5 17.Nxb5 Bd7 18.Qb4 Bxb5 19.Qxb5 Qc6 20.Qb4 b6 21.Rac1 Be7 
22.Qb2 Rd8 23.Bxe7 Rxe7 24.Rfd1 Red7 25.Qe2 Qc5 26.Ne1 Qa3 27.h3 Nc6 28.
Rb1 Nd4 29.Qb2 Qxb2 30.Rxb2 e4 31.Rbd2 exd3 32.Rxd3 Ne2+ 33.Kf1 Rxd3 34.
Rxd3 Rxd3 35.Nxd3 Nc3 36.Ke1 Ne4 37.Ke2 Kf7 38.Ke3 Nc5 39.Nb4 g6 40.Kd4 
Ke6 41.Nc6 a5 42.Na7 Kd6 43.Nc8+ Kc7 44.Ne7 Kd6 45.Nd5 Nd7 46.g4 Ke6 47.f4
f5 48.g5 Kd6 49.h4 Nc5 50.Nf6 Ne6+ 51.Kc3 Nf8 1/2-1/2

[Event "25th EY BU16 2015"]
[Site "Porec CRO"]
[Date "2015.09.25"]
[Round "5.7"]
[White "Tokranovs, Dmitrijs"]
[Black "Rajkovic, Mladen"]
[Result "0-1"]
[WhiteElo "2191"]
[BlackElo "2262"]
[EventDate "2015.09.21"]
[WhiteFideId "11603011"]
[BlackFideId "930660"]
[EventType "swiss"]

1.e4 e5 2.Nf3 Nc6 3.Bc4 Bc5 4.c3 Nf6 5.b4 Bb6 6.d3 d6 7.a4 a5 8.b5 Ne7 9.
Nbd2 Ng6 10.O-O O-O 11.Bb3 c6 12.bxc6 bxc6 13.d4 Bg4 14.dxe5 Nxe5 15.Qc2 
Nxf3+ 16.Nxf3 Bxf3 17.gxf3 Nh5 18.Qd2 Qf6 19.Kg2 h6 20.Qd3 Rfe8 21.Bc2 Re5
22.Rd1 Nf4+ 23.Bxf4 Qxf4 24.Rab1 Bc5 25.Rh1 Qh4 26.Qd2 Rg5+ 27.Kf1 Qh3+ 
28.Ke2 Rg2 29.Rbf1 Qh4 30.Ke1 Rb8 31.Kd1 Bxf2 32.Bd3 d5 33.Kc2 c5 34.Rb1 
Rxb1 35.Kxb1 dxe4 36.Bxe4 g6 37.h3 Qg3 38.f4 Rg1+ 39.Rxg1 Qxg1+ 40.Kb2 Qe1
41.Qxe1 Bxe1 42.f5 g5 43.c4 Kg7 44.Kc2 Kf6 45.Kd1 Bc3 46.Kc2 Bd4 47.Bd5 
Ke5 48.Bxf7 Kf4 49.f6 Bxf6 50.Kd3 Kg3 51.Be6 h5 52.Ke4 Bc3 53.Kf5 Bd2 54.
Kg6 Kh4 55.Bd5 g4 56.hxg4 hxg4 57.Bc6 g3 58.Bg2 Kg4 0-1

[Event "25th EY BU16 2015"]
[Site "Porec CRO"]
[Date "2015.09.25"]
[Round "5.11"]
[White "Petrov, Martin"]
[Black "Kollars, Dmitrij"]
[Result "1/2-1/2"]
[WhiteElo "2184"]
[BlackElo "2443"]
[EventDate "2015.09.21"]
[WhiteFideId "2911086"]
[BlackFideId "12909572"]
[EventType "swiss"]

1.e4 e5 2.Nf3 Nc6 3.Bc4 Nf6 4.Ng5 d5 5.exd5 Na5 6.Bb5+ c6 7.dxc6 bxc6 8.
Bd3 Ng4 9.Ne4 f5 10.Be2 h5 11.h3 fxe4 12.hxg4 Bc5 13.b4 Qd4 14.bxc5 O-O 
15.O-O Qxa1 16.Nc3 e3 17.gxh5 exf2+ 18.Rxf2 Rxf2 19.Kxf2 Be6 20.Ba3 Qxd1 
21.Bxd1 Rf8+ 22.Ke1 g6 23.hxg6 Kg7 24.d3 Kxg6 25.Bf3 Rb8 26.Kf2 Bd7 27.Ne4
Nb7 28.Bb2 Re8 29.Ke3 Re7 30.Bc3 Nd8 31.Nd6 Nf7 32.Be4+ Kg7 33.Bf3 Kf6 34.
Nxf7 Rxf7 35.Be4 Rf8 36.a4 Rc8 37.Be1 Kg5 38.Bc3 Kf6 39.Be1 Kg5 40.Bc3 Kf6
1/2-1/2

[Event "25th EY BU16 2015"]
[Site "Porec CRO"]
[Date "2015.09.25"]
[Round "5.17"]
[White "Jankevicius, Nedas"]
[Black "Karpus, Michal"]
[Result "0-1"]
[WhiteElo "1780"]
[BlackElo "2303"]
[EventDate "2015.09.21"]
[WhiteFideId "12806706"]
[BlackFideId "1174088"]
[EventType "swiss"]

1.e4 e5 2.Nf3 Nc6 3.Bc4 Bc5 4.b4 Bxb4 5.c3 Be7 6.d4 Na5 7.Nxe5 Nxc4 8.Nxc4
d5 9.exd5 Qxd5 10.Ne3 Qa5 11.O-O Nf6 12.c4 O-O 13.Qd3 c6 14.Bd2 Qa6 15.Bc3
Be6 16.a4 Nd5 17.Nd2 Rfd8 18.Rfd1 Nxc3 19.Qxc3 c5 20.d5 Bf6 21.Qc2 Bxa1 
22.Rxa1 Bd7 23.Ne4 Rac8 24.f4 Qg6 25.Nd2 Qf6 26.Rf1 Qd4 27.Rf3 Re8 28.Nf1 
Re4 29.Qf2 Rce8 30.f5 f6 31.g4 Bxa4 32.d6 Qxd6 33.Nd5 Rxg4+ 34.Rg3 Rxg3+ 
35.Nxg3 Bc6 0-1